| 000 | 01717nam a2200349 c 4500 | ||
|---|---|---|---|
| 003 | BLK | ||
| 005 | 20240710005459.0 | ||
| 008 | 180410b bul|||||r ||||||| ||bul|| | ||
| 010 | _aKNG00151476000 | ||
| 040 | _aBLK | ||
| 041 |
_aBUL _cBUL |
||
| 080 |
_aНемска литература _b821.112.2 _x-93-32 _z821.112.2-93-32 |
||
| 100 | 1 |
_aРаспе, Рудолф Ерих _eпърви автор _9115325 |
|
| 700 | 1 |
_aКаралийчев, Ангел Иванов _d1902-1972 _eпреразк. _976702 |
|
| 700 | 1 |
_aЖаблянов, Христо Николов _eхудож. _9263621 |
|
| 139 |
_aРаспе, Рудолф Ерих _bР 38 |
||
| 245 | 1 | 0 |
_aПриключенията на барон Мюнхаузен _bСб. разкази за деца _cРудолф Ерих Распе; преразк. Ангел Иванов Каралийчев; худож. Христо Николов Жаблянов. |
| 250 | _a6. изд. | ||
| 257 | _aDEU | ||
| 260 |
_аСофия _bНар. младеж _c1990 _fСофия : ДП Г. Димитров |
||
| 300 |
_a120 с. _bс цв. ил. _c29 см |
||
| 380 | _aDX | ||
| 500 | _aБез сведение за ориг. загл. ; Ориг. загл. Baron Munchausen's Narrative of his Marvellous Travels and Campaigns in Russia. - 1. изд. 1933 на изд. Хемус ; В кн. означено 5. изд. | ||
| 653 | _aдетска литература | ||
| 653 | _aлитература за деца | ||
| 852 | _aЦб ІІ 18956 | ||
| 856 | 4 |
_qpdf _u |
|
| 856 | 4 |
_qpdf _u |
|
| 942 |
_cKNG _n0 _090 |
||
| 944 |
_aCR _c07.10.2013 _lCRON CRON _k |
||
| 944 |
_aED _c07.06.2017 _lф / 07.10.2013 _kЛюдмила_Стоянова |
||
| 999 |
_c145303 _d145303 |
||